| 000 | 01363nam0a2200373 4500 | ||
|---|---|---|---|
| 001 | RU\NLR\bibl\295875 | ||
| 005 | 20250620143726.0 | ||
| 010 |
_a5-17-011848-1 _95000 |
||
| 021 |
_aRU _b2002-381 _921 |
||
| 035 | _a(NLR Aleph) 000291190 | ||
| 090 |
_a1705044 _c1705044 |
||
| 100 | _a20020419d2001 |||y0rusy50 ca | ||
| 101 | 0 | _arus | |
| 102 |
_aRU _aUA |
||
| 105 | _aa ||||||||| | ||
| 200 | 1 |
_aДиагностика заболеваний по кожным рисункам ладони _eПракт. дерматоглифика _fД. Н. Стояновский |
|
| 210 |
_aМ. _aКиев _cАСТ _cСталкер _d2001 |
||
| 215 |
_a510, [1] с. _cил. _d27 |
||
| 320 | _aПредм. указ.: с. 502-510 | ||
| 606 | 0 |
_aДерматоглифика в диагностике _9941962 _3RU\NLR\auth\66348719 |
|
| 606 | 0 |
_aДерматоглифика _xПрименение в диагностике _92217097 _3RU\NLR\auth\661331520 |
|
| 610 | 0 | _aДерматоглифика | |
| 675 |
_a616-07 _v3 _zrus |
||
| 686 |
_a76.03 _2rugasnti |
||
| 686 |
_a53.4 _2rubbk |
||
| 686 | _aР343.11 | ||
| 700 | 1 |
_aСтояновский _bД. Н. _gДаниил Никитич _4070 |
|
| 801 | 0 |
_aRU _bRKP _c20020419 _gPSBO |
|
| 801 | 1 |
_aRU _bRKP _c20020419 |
|
| 801 | 2 |
_aRU _bNLR _c20020918 _grcr |
|
| 942 | _cBOOK | ||
| 980 | _aNB | ||